[Event "Groningen op-B 55th"]
[Site "Groningen"]
[Date "2017.12.24"]
[Round "4"]
[White "Schlepuetz, Volker"]
[Black "Jacobse, Justin"]
[Result "0-1"]
[WhiteElo "1467"]
[BlackElo "1907"]
[PlyCount "32"]
[EventDate "2017.12.22"]
[EventType "swiss"]
[EventRounds "9"]
[EventCountry "NED"]
[SourceTitle "CBM 182 Extra"]
[Source "ChessBase"]
[SourceDate "2018.02.23"]
[SourceVersion "1"]
[SourceVersionDate "2018.02.23"]
[SourceQuality "1"]

1. d4 Nf6 2. c4 c5 3. d5 b5 4. cxb5 a6 5. b6 e6 6. Nc3 Bb7 7. Bg5 Qxb6 8. Bxf6 gxf6 9. dxe6 fxe6 10. Qc2 Nc6 11. e3 d5 12. Nf3 d4 13. exd4 cxd4 14. Na4 Qa5+ 15. Nd2 Bh6 16. a3 Bxd2+ 0-1

[Event "Dortmund Sparkassen op-B 44th"]
[Site "Dortmund"]
[Date "2016.07.09"]
[Round "1"]
[White "Schlepuetz, Volker"]
[Black "Koellner, Aaron Noah"]
[Result "0-1"]
[WhiteElo "1457"]
[BlackElo "1715"]
[PlyCount "36"]
[EventDate "2016.07.09"]
[EventType "swiss"]
[EventRounds "9"]
[EventCountry "GER"]
[SourceTitle "CBM 173 Extra"]
[Source "ChessBase"]
[SourceDate "2016.08.29"]
[SourceVersion "1"]
[SourceVersionDate "2016.08.29"]
[SourceQuality "1"]

1. c4 e5 2. Nc3 a6 3. Nf3 Nc6 4. g3 Bc5 5. Bg2 d6 6. 0-0 h5 7. d3 Nd4 8. h4 Nxf3+ 9. Bxf3 f6 10. e3 g5 11. Bxh5+ Kf8 12. hxg5 fxg5 13. Nd5 Qd7 14. Qf3+ Kg7 15. e4 g4 16. Bxg4 Qxg4 17. Qxg4+ Bxg4 18. Nxc7 Bf3 0-1

[Event "Maastricht Limburg op-C 8th"]
[Site "Maastricht"]
[Date "2014.06.09"]
[Round "6"]
[White "Schlepuetz, Volker"]
[Black "De Ridder, Yulian"]
[Result "1-0"]
[WhiteElo "1437"]
[BlackElo "1348"]
[PlyCount "57"]
[EventDate "2014.06.06"]
[EventType "swiss"]
[EventRounds "7"]
[EventCountry "NED"]
[SourceTitle "EXT 2015"]
[Source "ChessBase"]
[SourceDate "2014.11.20"]
[SourceVersion "1"]
[SourceVersionDate "2014.11.20"]
[SourceQuality "1"]

1. d4 d5 2. c4 e6 3. Nc3 Nf6 4. Nf3 Bb4 5. Bd2 Nc6 6. e3 a6 7. a3 Bxc3 8. Bxc3 Bd7 9. cxd5 exd5 10. Bd3 Qe7 11. 0-0 Ne4 12. Rc1 Qe6 13. Qb3 b5 14. Nd2 Nxc3 15. Rxc3 Qd6 16. Rc5 Be6 17. Rfc1 Na5 18. Qc3 Nc4 19. b3 Nxd2 20. Qxd2 Rc8 21. Qa5 Kd8 22. Rc6 Qd7 23. Qxa6 Ke7 24. Qxb5 Bf5 25. Qc5+ Kd8 26. Bxf5 Qxf5 27. Rxc7 Rxc7 28. Qxc7+ Ke8 29. Qc8+ 1-0

[Event "Dortmund Sparkassen op-B"]
[Site "Dortmund"]
[Date "2013.08.02"]
[Round "7"]
[White "Schlepuetz, Volker"]
[Black "Severin, Florian"]
[Result "1/2-1/2"]
[WhiteElo "1437"]
[BlackElo "1435"]
[PlyCount "81"]
[EventDate "2013.07.27"]
[EventType "swiss"]
[EventRounds "9"]
[EventCountry "GER"]
[SourceTitle "EXT 2022"]
[Source "ChessBase"]
[SourceDate "2021.10.06"]
[SourceVersion "1"]
[SourceVersionDate "2021.10.06"]
[SourceQuality "1"]

1. d4 d5 2. c4 c6 3. Nf3 Nf6 4. Nc3 dxc4 5. a4 Bf5 6. e3 e6 7. Bxc4 Bb4 8. 0-0 Nbd7 9. Nh4 0-0 10. Nxf5 exf5 11. Bd3 g6 12. Bd2 c5 13. dxc5 Nxc5 14. Bc4 Qe7 15. Na2 Bxd2 16. Qxd2 Nxa4 17. Qe2 Rac8 18. Bb5 Nc5 19. Nc3 a6 20. Bc4 Rfd8 21. Rfd1 Nce4 22. Nd5 Nxd5 23. Bxd5 Rc5 24. Bb3 Rxd1+ 25. Rxd1 Qc7 26. f3 Qb6 27. Bxf7+ Kxf7 28. fxe4 fxe4 29. Rf1+ Rf5 30. Rxf5+ gxf5 31. Qh5+ Qg6 32. Qd1 Qb6 33. Qd5+ Kg6 34. Qg8+ Kh6 35. Qf8+ Kg6 36. Qg8+ Kf6 37. Qf8+ Ke5 38. Qe7+ Kd5 39. Qf7+ Kd6 40. Qf8+ Kc6 41. Qc8+ 1/2-1/2

[Event "Dortmund Sparkassen op-B"]
[Site "Dortmund"]
[Date "2013.07.30"]
[Round "4"]
[White "Redlich, Kolja"]
[Black "Schlepuetz, Volker"]
[Result "1-0"]
[WhiteElo "1375"]
[BlackElo "1437"]
[PlyCount "89"]
[EventDate "2013.07.27"]
[EventType "swiss"]
[EventRounds "9"]
[EventCountry "GER"]
[SourceTitle "EXT 2022"]
[Source "ChessBase"]
[SourceDate "2021.10.06"]
[SourceVersion "1"]
[SourceVersionDate "2021.10.06"]
[SourceQuality "1"]

1. e4 e6 2. d4 d5 3. Nd2 c5 4. c3 cxd4 5. cxd4 Nc6 6. Ngf3 Qa5 7. exd5 exd5 8. Qb3 Bd6 9. Bb5 a6 10. Bxc6+ bxc6 11. 0-0 Ne7 12. Qc2 Bf5 13. Qc3 Qc7 14. Nb3 0-0 15. Bg5 f6 16. Bh4 Ng6 17. Bg3 Nf4 18. Rfe1 Rab8 19. Nc5 Qb6 20. Nh4 Bc8 21. b3 g5 22. Qf3 Bxc5 23. dxc5 Qxc5 24. Bxf4 gxf4 25. Qxf4 Rb4 26. Qh6 Qd4 27. Nf3 Qg4 28. Re7 Bf5 29. Nh4 Bd3 30. Rae1 Qg5 31. Qxg5+ fxg5 32. Nf3 Be4 33. Nxg5 Bf5 34. R1e3 Rg4 35. Ne6 Rc8 36. h3 Rg6 37. Nd4 Be4 38. f3 Bb1 39. Re1 Bd3 40. R7e3 Bb5 41. a4 c5 42. Nf5 Bd7 43. Ne7+ Kg7 44. Nxc8 Bxh3 45. Kh2 1-0

[Event "Goch op 22nd"]
[Site "Goch"]
[Date "2011.10.02"]
[Round "6"]
[White "Kruett, Michael"]
[Black "Schlepuetz, Volker"]
[Result "1-0"]
[WhiteElo "1836"]
[BlackElo "1385"]
[PlyCount "61"]
[EventDate "2011.09.29"]
[EventType "swiss"]
[EventRounds "7"]
[EventCountry "GER"]
[SourceTitle "EXT 2014"]
[Source "ChessBase"]
[SourceDate "2013.11.20"]
[SourceVersion "1"]
[SourceVersionDate "2013.11.20"]
[SourceQuality "1"]

1. e4 g6 2. d4 Bg7 3. Nc3 d6 4. Be3 a6 5. Qd2 Nf6 6. f3 0-0 7. 0-0-0 b5 8. h4 Nc6 9. g4 h5 10. Nd5 e6 11. Nxf6+ Bxf6 12. gxh5 gxh5 13. Bg5 Re8 14. Nh3 Bxg5 15. hxg5 e5 16. g6 fxg6 17. Qh6 Qf6 18. Rg1 Ne7 19. Kb1 Bxh3 20. Bxh3 Kf7 21. d5 Rh8 22. Be6+ Ke8 23. Qe3 Qf4 24. Qc3 Ra7 25. a4 h4 26. axb5 axb5 27. Qb4 Rb7 28. Qa5 Rb8 29. Qxc7 Rd8 30. Qb6 Qxf3 31. Qxb5+ 1-0

[Event "Maastricht Limburg op-C 5th"]
[Site "Maastricht"]
[Date "2011.06.13"]
[Round "6"]
[White "Schlepuetz, Volker"]
[Black "Johnson, Mark1111"]
[Result "1-0"]
[WhiteElo "1396"]
[BlackElo "1138"]
[PlyCount "83"]
[EventDate "2011.06.10"]
[EventType "swiss"]
[EventRounds "7"]
[EventCountry "NED"]
[SourceTitle "EXT 2012"]
[Source "ChessBase"]
[SourceDate "2011.11.24"]
[SourceVersion "1"]
[SourceVersionDate "2011.11.24"]
[SourceQuality "1"]

1. d4 d5 2. g3 c6 3. Bg2 Nf6 4. Nf3 e6 5. 0-0 Be7 6. Nbd2 0-0 7. c4 b6 8. Qc2 dxc4 9. Nxc4 b5 10. Nce5 Bb7 11. Ng5 Qd6 12. Rd1 h6 13. Nh3 Rc8 14. Bf4 Qd8 15. Rac1 Qe8 16. e4 Nbd7 17. Qd2 Bf8 18. Nxd7 Qxd7 19. e5 Nd5 20. Be4 Nxf4 21. Nxf4 Rd8 22. a3 a5 23. Qc2 Rac8 24. Qd2 Ra8 25. Qe2 Rac8 26. Nh5 Qe7 27. h4 Rd7 28. Qg4 Kh8 29. Bb1 Rcd8 30. Qe4 g6 31. Nf6 c5 32. Qc2 Rxd4 33. Rxd4 Rxd4 34. h5 Bg7 35. hxg6 fxg6 36. Qxg6 Bxf6 37. Qxh6+ Kg8 38. exf6 Qd7 39. Qg5+ Kf8 40. Qxc5+ Kf7 41. Qe7+ Kg8 42. f7+ 1-0

[Event "Rheinhausen-ch 14th"]
[Site "Duisburg Rheinhausen"]
[Date "2010.02.05"]
[Round "3"]
[White "Schlepuetz, Volker"]
[Black "Gerlach, Rico"]
[Result "0-1"]
[WhiteElo "1137"]
[BlackElo "1382"]
[PlyCount "78"]
[EventDate "2010.01.08"]
[EventType "swiss"]
[EventRounds "7"]
[EventCountry "GER"]
[SourceTitle "EXT 2018"]
[Source "ChessBase"]
[SourceDate "2017.10.13"]
[SourceVersion "1"]
[SourceVersionDate "2017.10.13"]
[SourceQuality "1"]

1. d4 Nf6 2. c4 g6 3. Nc3 d5 4. e3 Bg7 5. cxd5 Nxd5 6. Qb3 Nb6 7. Nf3 0-0 8. Bd3 N8d7 9. 0-0 e5 10. dxe5 Nxe5 11. Nxe5 Bxe5 12. Qc2 Qe7 13. f4 Bg7 14. f5 gxf5 15. Bxf5 Bxf5 16. Rxf5 Qe6 17. Nb5 Qc4 18. Qf2 a6 19. b3 Qg4 20. Rf3 axb5 21. h3 Qe6 22. Qg3 Kh8 23. Rb1 Qg6 24. Qxg6 hxg6 25. e4 Rxa2 26. Bg5 f5 27. Rf4 Ra1 28. Rh4+ Kg8 29. Rxa1 Bxa1 30. exf5 Rxf5 31. Rg4 Kf7 32. Be3 Nd5 33. Bd4 Bxd4+ 34. Rxd4 c5 35. Re4 Kf6 36. g4 Rf3 37. g5+ Kxg5 38. Re5+ Rf5 39. Rxf5+ gxf5 0-1